Tilastot visalle Ranskan suurimmat kaupungit

Klikkaa tästä pelataksesi tätä visaa!

Yleistilastot

  • Tätä visaa on pelattu 1 004 kertaa
  • Keskiarvotulos 8 / 20

Vastaustilastot

VäkilukuKaupunki% Oikein
2 229 621Pariisi
100%
855 393Marseille
84%
500 715Lyon
81%
342 295Nizza
71%
243 626Bordeaux
55%
458 298Toulouse
52%
231 491Lille
45%
275 718Strasbourg
44%
292 718Nantes
43%
272 084Montpellier
33%
211 373Rennes
33%
153 003Dijon
28%
172 074Le Havre
25%
182 592Reims
24%
160 215Grenoble
21%
172 023Saint-Étienne
21%
163 760Toulon
18%
150 125Angers
17%
150 564Nîmes
13%
147 192Villeurbanne
8%

Tulosjakauma

Persentiili vastausten määrän mukaan

Jokaisen tuloksen saaneiden osuus

Tuloshistoriasi

Et ole pelannut tätä visaa